Top 50 NFL Quarterback Career Earnings All Time - Statistics

General Stats
  • This quiz has been taken 65 times
  • The average score is 44 of 50
Answer Stats
Player Years Active Career Earnings Top Earning Team % Correct
Aaron Rodgers 2005‑ $395,812,794 Packers: $306,642,206
100%
Dak Prescott 2016‑ $295,437,392 Cowboys: $295,437,392
100%
Drew Brees 2001‑2020 $273,933,000 Saints: $259,250,000
100%
Eli Manning 2004‑2019 $232,490,000 Giants: $232,490,000
100%
Jared Goff 2016‑ $259,607,504 Lions: $176,386,832
100%
Joe Flacco 2008‑ $185,985,338 Ravens: $147,800,000
100%
Lamar Jackson 2018‑ $187,737,652 Ravens: $187,737,652
100%
Matt Ryan 2008‑2022 $306,205,882 Falcons: $269,500,000
100%
Patrick Mahomes 2017‑ $231,902,962 Chiefs: $231,902,962
100%
Peyton Manning 1998‑2015 $247,714,000 Colts: $170,714,000
100%
Philip Rivers 2004‑ $242,428,889 Chargers: $217,150,000
100%
Russell Wilson 2012‑ $315,840,123 Seahawks: $181,340,123
100%
Tom Brady 2000‑2022 $317,619,794 Patriots: $230,324,206
100%
Ben Roethlisberger 2004‑2021 $266,724,382 Steelers: $266,724,382
98%
Deshaun Watson 2017‑ $234,761,982 Browns: $183,367,500
98%
Joe Burrow 2020‑ $177,155,118 Bengals: $177,155,118
98%
Matt Stafford 2009‑ $408,000,000 Lions: $219,000,000
98%
Brett Favre 1991‑2010 $141,407,000 Packers: $100,697,000
97%
Cam Newton 2011‑2021 $134,735,498 Panthers: $127,385,498
97%
Derek Carr 2014‑2024 $205,519,283 Raiders: $135,519,283
97%
Jalen Hurts 2020‑ $111,397,560 Eagles: $111,397,560
97%
Jordan Love 2020‑ $111,848,176 Packers: $111,848,176
97%
Josh Allen 2018‑ $207,404,439 Bills: $207,404,439
97%
Kirk Cousins 2012‑ $321,469,288 Vikings: $185,000,000
97%
Trevor Lawrence 2021‑ $107,616,193 Jaguars: $107,616,193
97%
Justin Herbert 2020‑ $156,082,754 Chargers: $156,082,754
95%
Kyler Murray 2019‑ $169,991,784 Cardinals: $169,991,784
95%
Baker Mayfield 2018‑ $115,800,980 Buccaneers: $67,500,000
93%
Tua Tagovailoa 2020‑ $124,314,083 Dolphins: $124,314,083
93%
Andrew Luck 2012‑2018 $109,107,998 Colts: $109,107,998
91%
Jimmy Garoppolo 2014‑ $157,956,145 49ers: $121,687,099
90%
Andy Dalton 2011‑ $114,589,198 Bengals: $83,514,198
88%
Carson Wentz 2016‑ $133,315,396 Eagles: $79,059,338
88%
Geno Smith 2013‑ $107,514,603 Seahawks: $60,295,000
88%
Sam Darnold 2018‑ $105,365,694 Seahawks: $41,500,000
88%
Alex Smith 2005‑2020 $210,000,000 49ers: $71,500,000
86%
Daniel Jones 2019‑ $122,856,856 Giants: $108,129,056
86%
Ryan Tannehill 2012‑2023 $195,050,979 Titans: $122,500,000
86%
Michael Vick 2001‑2015 $118,645,000 Falcons: $61,400,000
84%
Tony Romo 2003‑2016 $127,420,000 Cowboys: $127,420,000
84%
Carson Palmer 2003‑2017 $172,500,000 Bengals: $84,000,000
76%
Donovan McNabb 1999‑2010 $96,920,985 Eagles: $76,764,735
72%
Jay Cutler 2006‑2017 $127,874,999 Bears: $103,904,999
71%
Matt Schaub 2004‑2020 $95,935,000 Texans: $70,000,000
62%
Marcus Mariota 2015‑ $82,705,974 Titans: $45,135,974
60%
Ryan Fitzpatrick 2005‑2021 $80,557,750 Bills: $27,225,000
59%
Tyrod Taylor 2011‑2025 $83,295,308 Bills: $26,150,000
55%
Matt Hasselbeck 1998‑2015 $88,163,000 Seahawks: $62,650,000
53%
Nick Foles 2012‑2022 $83,755,520 Jaguars: $30,125,000
53%
Sam Bradford 2010‑2017 $129,982,500 Rams: $65,060,000
53%
No matching quizzes found
Score Distribution
Percent of People with Each Score
Percentile by Number Answered
Your Score History
You have not taken this quiz